| 000 | 01225nam a22003257a 4500 | ||
|---|---|---|---|
| 003 | CHAP | ||
| 005 | 20220329140558.0 | ||
| 008 | 971013s1972 r 10010 d | ||
| 010 | _a54232 | ||
| 011 | _a55204 | ||
| 035 | _a59356 | ||
| 040 | _cCHAP | ||
| 082 |
_a633.6106 _bS4 1971 |
||
| 111 | 0 | 0 |
_aSeminario Especializado para Extensionistas ( _n1 _d: 1971 _c: México, D.F.) _9104104 |
| 245 | _aMemoria | ||
| 260 |
_aMéxico, D.F. : _bInstituto para el Mejoramiento de la Producción de Azúcar, _c1972 |
||
| 300 | _a156 p. | ||
| 590 |
_aBATCH-UPD _b10 _c20130110 _lUCH01 _h0712 |
||
| 590 |
_aBATCH-UPD _b10 _c20130410 _lUCH01 _h0358 |
||
| 590 |
_aBATCH-UPD _b10 _c20130914 _lUCH01 _h0836 |
||
| 590 |
_aCONVERSION _b10 _c20130109 _lUCH01 _h1329 |
||
| 650 | 1 | 4 |
_aCaña de azúcar _xCongresos. _918590 |
| 650 | 1 | 4 |
_aExtensión agrícola _xMéxico. _939173 |
| 901 | _aBK | ||
| 942 | _cLIBRO | ||
| 949 |
_a633.6106 S4 1971 _bBC _cLIBRO _d-128334 _eLIBRO _fc.2 _h29001 _i59356 _si |
||
| 949 |
_a633.6106 S4 1971 _bBC _cLIBRO _d33724000196440 _eLIBRO _h29000 _i59356 _si |
||
| 949 |
_a633.6106 S4 1971 _bBC _cLIBRO _d33724000196556 _eLIBRO _fc.4 _h29003 _i59356 _si |
||
| 949 |
_a633.6106 S4 1971 _bBC _cLIBRO _d33724000196564 _eLIBRO _fc.3 _h29002 _i59356 _si |
||
| 999 |
_c54232 _d54232 |
||